00310nam a2200097Ia 4500008004100000041000800041100002800049245007900077260003700156999001900193241105s9999 xx 000 0 und d aeng aChitnis Pallavi9182501 aPost Occupancy Evaluation For Lighting Performance Of Rated Office In Pune bM.Arch Environmental, Punec2013 c360790d360790